| 000 | 00822nam a22002297a 4500 | ||
|---|---|---|---|
| 005 | 20150225145122.0 | ||
| 008 | 140714b xxu||||| |||| 00| 0 Urdu d | ||
| 010 | _aUR-8682 | ||
| 020 | q | _c300.00 | |
| 020 | _c9789350733585 | ||
| 035 | _aU-7237 | ||
| 037 | _bDBAD/Pub. | ||
| 040 |
_aDPL _bUrdu |
||
| 082 | _a270 | ||
| 100 | _aمحمد ا سما عيل آ ز ا د فتجپو ر ی | ||
| 245 |
_aصد ا ۓ حر م "ا نتخا ب حمد و نعت مع مقد مہ _cمحمد ا سما عيل آ ز ا د فتجپو ر ی |
||
| 246 |
_aSada-e- Haram _bCompiled by Mohd Ismail Azad |
||
| 260 |
_aد ھلی _bEducational Publishing House _c2014 |
||
| 270 |
_a3108,Vakeel Street,Kucha Pandit,Lal Kuan _b.Delhi _e110006 |
||
| 300 |
_a309ص _c22Cm (Hb) |
||
| 942 |
_2ddc _cUR _e _h270 _mم ح م |
||
| 999 |
_c91906 _d91906 |
||